Využívanie inovatívnych technológií v potravinárskom priemysle bakalárska práca

Na minha lista:
Detalhes bibliográficos
Autor principal: Kubaská, Timea
Autor Corporativo: Obchodná fakulta EU. Katedra tovaroznalectva a kvality tovaru
Outros Autores: Jarossová, Malgorzata Agnieszka, 1978-
Formato: Livro
Idioma:eslovaco
Publicado em: Bratislava 2018
Tags: Adicionar Tag
Sem tags, seja o primeiro a adicionar uma tag!

MARC

LEADER 00000nbm a2200000 4500
001 0245071
005 20180911145329.7
041 0 |a slo 
044 |a SK 
245 1 0 |a Využívanie inovatívnych technológií v potravinárskom priemysle  |b bakalárska práca  |c Timea Kubaská ; školiteľ: Malgorzata Agnieszka Jarossová 
264 1 |a Bratislava  |c 2018 
300 |a 63 s. 
100 1 |a Kubaská, Timea 
700 1 |a Jarossová, Malgorzata Agnieszka, 1978- 
710 2 |a Obchodná fakulta EU. Katedra tovaroznalectva a kvality tovaru